[Event "Tashkent FIDE GP 2nd"]
[Site "Tashkent"]
[Date "2012.12.02"]
[Round "9"]
[White "Kasimdzhanov, Rustam"]
[Black "Morozevich, Alexander"]
[Result "1/2-1/2"]
[WhiteElo "2696"]
[BlackElo "2748"]
[Annotator "Marin,M"]
[PlyCount "76"]
[EventDate "2012.11.22"]
[EventType "tourn"]
[EventRounds "11"]
[EventCountry "UZB"]
[EventCategory "20"]
[SourceTitle "CBM 152"]
[Source "ChessBase"]
[SourceDate "2013.01.15"]
[SourceVersion "1"]
[SourceVersionDate "2013.01.15"]
[SourceQuality "1"]

1. e4 c5 2. Nf3 g6 {This move order is a rare guest at the highest level, so I
can only guess where Morozevich intended to get to and what he wanted to avoid.
} ({If he was aiming for a Simagin Sicilian, he rightly refrained from} 2...
Nc6 {Nowadays, this usually is a sign that Black wants to play a Sveshnikov
and White frequently deviates with} 3. Bb5 {, as happened several times in
this tournament.}) 3. c3 {Maybe not the most dangerous approach.} ({The direct
attempt to reach a Maroczy Bind with} 3. c4 {offers Black two ways of
deviating:} Qa5 (3... Bh6 $5 {Jezek,J (2470)-Skrobek,R (2555)/Bannet mem
corr8691 1986/Corr Nr. 1 (1/2, 46)}) 4. Nc3 d6 5. d4 Bg4 {Arnason,J (2545)
-Larsen,B (2515)/Reykjavik 1995/CBM 049/[Ftacnik] (1-0, 25)}) ({However, what
could Black have in mind after:} 3. d4 cxd4 (3... Bg7 4. c4 {gets the game
closer to the Simagin/Maroczy schemes.}) 4. Nxd4 (4. Qxd4 Nf6 5. Bb5 a6 {
leads to interesting play}) 4... Nf6 5. Nc3 {Since} Bg7 $6 6. e5 {does not
look too appealing, Black would have to transpose to a normal Dragon with 5...
d6. Well, at least he would have avoided the 3.Bb5+ lines...}) 3... d5 4. exd5
Qxd5 5. d4 Nf6 6. Be2 {A quiet developing move. White has two important
alternatives.} (6. Na3 {A typical move in the Alapin Sicilian. The main target
is the black queen, which has emerged in the centre at an early stage of the
game.} cxd4 (6... Bg7 7. Bc4 Qe4+ 8. Be3 O-O 9. O-O {offers White the
initiative, since Black is underdeveloped and his queen is exposed.}) 7. Nb5
Na6 8. Qxd4 Qxd4 9. Nfxd4 {White's position looks more active, but Black has
no weaknesses and can neutralise the opponent's slight pressure with natural
developing moves.} Bg7 10. Bc4 O-O 11. O-O Bd7 12. Re1 Rfc8 13. Bf1 Kf8 14. Nf3
Nc7 {1/2 Voitsekhovsky,S (2503)-Askarov,M (2561)/Sochi 2007/CBM 118 ext}) (6.
dxc5 {Just another way to play against the black queen.} Qxc5 7. Be3 Qc7 8. Na3
a6 9. Qa4+ (9. Nc4 Nbd7 {is nothing special for White:} 10. a4 Bg7 11. a5 O-O
12. Be2 Rd8 13. Qd4 Nh5 14. Qd5 {1/2 (14) Sermek,D (2550)-Sakaev,K (2600)
Budapest 1996}) 9... Nc6 ({At GM level, Black's choice has been} 9... Nbd7 {
, but it looks a bit passive. Nevertheless, the course of the game is not too
relevant:} 10. O-O-O Bg7 11. Bf4 Qc5 12. Be3 Qc7 13. Bf4 Qc5 14. Be3 {1/2 Nunn,
J (2620)-Kengis,E (2590) Germany 1998}) 10. Bf4 (10. Nb5 Qb8) 10... Qa5 11.
Qxa5 Nxa5 {Black was doing fine in Przedmojski,R (2398)-Tomczak,R (2313)
Ustron 2003 (1/2, 29) The only way to make things a bit more lively would have
been:} 12. Bb5+ $5 Bd7 {Safest.} ({Depending on the mood, Black can choose to
defend the position after} 12... axb5 13. Nxb5 {, when his king would have to
move around a lot.}) 13. Bxd7+ Nxd7 14. O-O-O f6 15. Rhe1 O-O-O $11 {[%cal
Ge7e5]}) 6... cxd4 {Choosing the right moment to release the tension with ...
c5xd4 or d4xc5 is an important issue for both sides.} ({In this concrete
situation, it seems that Black could well have maintained the tension with} 
6... Bg7 {since} 7. c4 {does not seem too dangerous. (One move earlier, c3-c4
would have been completely ineffective because of the check on e4)} Qd8 {
The most popular and probably safest retreat.} (7... Qd6 {places the queen on
an exposed square.} 8. Nc3 {/\d4-d5} cxd4 9. Nb5 Qd8 10. Qxd4 Qxd4 11. Nfxd4
$36 {Ni Hua (2285)-Cawdery,D (2125) Oropesa del Mar 1998 (1-0, 23)}) 8. d5 b5 {
Otherwise, White would consolidate his space advantage with Nc3.} 9. O-O (9.
cxb5 Nxd5 10. O-O O-O 11. Qb3 e6 12. Rd1 Nd7 13. Nc3 Bb7 $13 {Kleinert,J (2181)
-Tukmakov,V (2582)/Zuerich 2000/EXT 2002 (0-1, 20)}) 9... O-O 10. Nc3 (10. Be3
bxc4 11. Nc3 Nbd7 $132 {Johansson,M (2275)-Carlsson,P (2376)/Helsingborg 2002/
CBM 090 ext (1-0, 78)}) 10... bxc4 (10... b4 $6 {offers White a comfortable
target on c5.} 11. Na4 Qc7 12. a3 a5 13. Be3 Nbd7 14. Nd2 $36) 11. Bxc4 Ba6 12.
Nd2 Re8 13. Re1 Bxc4 14. Nxc4 Na6 15. Bg5 Nb4 16. Ne3 c4 $132 {Sevillano,E 
(2375)-Tkachiev,V (2605)/Kuala Lumpur 1993/EXT 1998 (0-1, 58)}) 7. Qxd4 {
Playing for a slight lead in development. Now an interesting situation with
tension between the queens arises, replacing that with tension involving pawns.
} ({In the Alapin lines with ...g6, White's chances for an attack (or just
maintaining some pressure) are much lower than in the usual schemes with ...e6.
} 7. cxd4 Bg7 8. Nc3 Qd8 9. O-O O-O 10. Be3 Be6 {Matsuura,E (2467)-Leitao,R 
(2587)/Sao Paulo 2001/CBM 082 ext/[Melao,H] (0-1, 51)}) 7... Qa5 $146 {Black
spends a tempo to prevent Qd4-a4 and hopes that he will get it back with ...
Nc6 soon.} (7... Nc6 8. Qa4 (8. Qxd5 Nxd5 {does not cause Black any troubles.}
9. O-O Bg7 10. Rd1 Nb6 11. Be3 O-O 12. Bb5 Bg4 13. Nbd2 Nd5 {Jenni,F (2275)
-Wojtkiewicz,A (2550)/Neuchatel 1997/EXT 2004 (1/2, 59)}) 8... Bg7 9. O-O O-O
10. Rd1 Qe4 11. Bc4 $5 {Continuing to keep the enemy queen under some pressure.
} Bg4 12. Nbd2 Qf5 13. h3 Bxf3 14. Nxf3 a6 15. Bd3 $14 {Sevillano,E (2472)
-Almeida Saenz,A (2400)/Las Vegas 2006 (1-0, 42)}) 8. Qe5 Nc6 ({Actually,
releasing the tension with} 8... Qxe5 {does not look like a concession since
after} 9. Nxe5 {the white knight is rather exposed, without the supprt of the
undeveloped queenside pieces.} Bg7 10. Bf3 (10. Bb5+ Nbd7) 10... Nfd7 $11) 9.
Qxa5 Nxa5 10. Ne5 {In view of my previous comment, this looks a bit premature.}
(10. O-O Bg7 11. Na3 O-O 12. Rd1 {leads to some symbolic initiative for White,
but the position should be roughly balanced anyway.}) 10... Bg7 11. Bb5+ (11.
Bf3 Be6 12. O-O Bd5 $5) 11... Nd7 12. Bf4 a6 13. Bxd7+ Bxd7 14. Nxd7 Kxd7 15.
Nd2 Rhc8 16. O-O-O Ke8 17. Rhe1 $11 {Both sides have completed their
development and there is complete equality.} b5 18. Kb1 Nc4 19. Nxc4 Rxc4 20.
Be5 Bxe5 21. Rxe5 Rd8 22. Rde1 e6 23. Kc2 Ke7 (23... b4 24. R5e4 Rxe4 25. Rxe4
bxc3 26. Kxc3) 24. R5e4 Rxe4 25. Rxe4 Rd5 26. a4 Rg5 27. axb5 axb5 28. g3 Rf5
29. f4 g5 30. Re5 Kf6 31. Rxf5+ Kxf5 32. fxg5 Ke4 (32... Kxg5 $11) 33. Kd2 Kf3
34. b3 (34. Ke1 $6 Ke3) 34... e5 35. c4 bxc4 36. bxc4 Kf2 37. Kd3 Kf3 38. Kd2
Kf2 1/2-1/2

[Event "Primavara"]
[Site "Bucharest"]
[Date "1998.??.??"]
[Round "15"]
[White "Vajda, Levente"]
[Black "Vajda, Albert"]
[Result "1-0"]
[WhiteElo "2440"]
[BlackElo "2400"]
[Annotator "Marin,M"]
[PlyCount "51"]
[EventDate "1998.??.??"]
[EventType "tourn"]
[EventRounds "15"]
[EventCountry "ROU"]
[EventCategory "9"]
[SourceTitle "EXT 1999"]
[Source "ChessBase"]
[SourceDate "1998.11.16"]
[SourceVersion "1"]
[SourceVersionDate "1998.11.16"]
[SourceQuality "1"]

1. e4 c5 2. c3 e5 3. Nf3 Nc6 4. Bc4 Qc7 5. O-O Be7 6. d3 Nf6 7. Ng5 O-O 8. f4
d6 9. f5 a6 10. g4 Nd8 11. a4 Bd7 12. Nh3 h6 13. g5 hxg5 14. Bxg5 Bc6 15. Bxf6
Bxf6 16. Nd2 b5 17. Bd5 Qb7 18. Qh5 Re8 (18... Bxd5 19. exd5 Qxd5 20. Ne4 Re8 (
20... Qxd3 21. Nxf6+ gxf6 22. Rf3) 21. axb5 $16) 19. a5 Kf8 20. Nf2 Bxd5 21.
exd5 Qxd5 22. Nde4 Ke7 23. Rad1 {Black now starts to play some very weak moves,
but it wouldn't be reasonable to ask Albert Vajda to spoil exactly in the last
round the GM norm of his younger brother...} Kd7 $2 (23... Nc6) 24. Ng4 Kc6 $2
(24... Rg8) 25. Ngxf6 gxf6 26. Nxf6 1-0

[Event "ROM-ch"]
[Site "Iasi"]
[Date "1999.12.18"]
[Round "6"]
[White "Vajda, Levente"]
[Black "Nevednichy, Vladislav"]
[Result "0-1"]
[WhiteElo "2483"]
[BlackElo "2537"]
[Annotator "Marin,M"]
[PlyCount "76"]
[EventDate "1999.12.13"]
[EventType "tourn"]
[EventRounds "15"]
[EventCountry "ROU"]
[EventCategory "9"]
[SourceTitle "CBM 075"]
[Source "ChessBase"]
[SourceDate "2000.04.05"]
[SourceVersion "1"]
[SourceVersionDate "2000.04.05"]
[SourceQuality "1"]

1. e4 c5 2. c3 d5 3. exd5 Qxd5 4. d4 g6 5. dxc5 Qxc5 6. Be3 Qc7 {[#]} 7. Bxa7
Nc6 (7... Rxa7 8. Qd4) 8. Be3 Nf6 9. Nf3 Bg7 10. Be2 Ng4 11. Bd4 Nxd4 12. Nxd4
Qf4 13. Bb5+ Kf8 14. Nf3 Bf6 15. O-O Kg7 16. h3 Ne5 17. Nd4 Rd8 18. Nd2 Nc6 19.
Bxc6 bxc6 20. Qc1 {[#]} Bxh3 21. Nc4 (21. gxh3 e5 22. N4f3 e4 23. Nd4 Be5)
21... Qxc1 22. Rfxc1 Bxd4 23. gxh3 Ba7 24. a4 Rd3 25. Kg2 Rad8 26. b4 R8d5 27.
b5 Rg5+ 28. Kf1 cxb5 29. axb5 Rxh3 30. b6 Bb8 31. Ke2 Rc5 32. Ne3 f5 33. b7 f4
34. Nd1 Re5+ 35. Kd2 Rd5+ 36. Kc2 Rhd3 37. Ra8 Rd2+ 38. Kb3 Rb5+ 0-1

[Event "EU-ch 17th"]
[Site "Gjakova"]
[Date "2016.05.15"]
[Round "4"]
[White "Onischuk, Vladimir"]
[Black "Ali Marandi, Cemil Can"]
[Result "1-0"]
[WhiteElo "2628"]
[BlackElo "2476"]
[Annotator "Mekhitarian,K"]
[PlyCount "177"]
[EventDate "2016.05.12"]
[EventType "swiss"]
[EventRounds "11"]
[EventCountry "KOS"]
[SourceTitle "CBM 173"]
[Source "ChessBase"]
[SourceDate "2016.07.12"]
[SourceVersion "1"]
[SourceVersionDate "2016.07.12"]
[SourceQuality "1"]

1. e4 e6 2. d4 d5 3. Bd3 $5 {According to my database, this has been played 18
times by the player with White, a very creative grandmaster who has a unique
approach to openings.} c5 (3... dxe4 {is a natural reaction for Black} 4. Bxe4
Nf6 5. Bf3 {and White develops with Ne2} c5 6. Ne2 Nc6 7. Be3 cxd4 8. Nxd4 Ne5
$5 {trying to go after one of White's bishops, Black starts an ambitous plan,
that led to a complicated middlegame} 9. Nc3 Be7 10. Qe2 Nxf3+ 11. Qxf3 O-O 12.
O-O-O Bd7 13. g4 $5 Qa5 14. g5 Nd5 15. Nf5 Nxc3 $1 16. Nxe7+ Kh8 17. Bd2 (17.
Rd4 $5 {is a bizarre move suggested by the computer. Perhaps eyeing a Qh5 move,
followed by Qxh7+! and Rh3#, the famous Anastasia's mate?}) 17... Nxa2+ 18. Kb1
Qd8 19. Bf4 Qxe7 20. Bd6 Qe8 21. Rhe1 Rg8 22. Rd4 Bc6 $2 (22... Qd8 $1 {
was an important resource} 23. Qh5 Be8 $13 {now Black keeps an eye on the
h4-square, making g6 no longer a threat}) 23. Qh5 $1 {now g6!! is threatened}
f6 (23... Bd5 $4 {just a random move to show the nice mate threat} 24. g6 fxg6
25. Qxh7+ $1 Kxh7 26. Rh4#) 24. g6 h6 (24... Qxg6 $2 25. Qxg6 hxg6 26. Rh4#)
25. Bf4 $1 e5 26. Bxh6 Bf3 27. Bxg7+ Kxg7 28. Qh7+ Kf8 29. Rd7 Qxd7 30. Qxd7
Rxg6 31. Qf5 {1-0 (31) Onischuk,V (2618)-Harika,D (2509) Abu Dhabi 2015. A
nice attack by the very same Vladimir Onischuk!}) 4. exd5 exd5 5. Nf3 (5. dxc5
{White could isolate Black's pawn, but probably didn't want to allow such a
free and easy development with ...Bxc5:} Bxc5 6. Nf3 Nf6 7. O-O O-O 8. Bg5 h6
9. Bh4 Nc6 $11 {and Black has a very decent position.}) 5... c4 {Avoids
isolating the pawn for good, but allows b3 on the next move.} (5... Bd6 {
would provoke dxc5, because of the additional tempo now} 6. dxc5 Bxc5 7. O-O
Nf6 8. Re1+ Be6 9. Nbd2 (9. Ng5 {normally is not good enough, because of the
counterplay on f2} O-O 10. Nxe6 fxe6 11. Rxe6 Qd7 $1 $132 {followed by ...Ng4,
with a strong counterplay}) 9... O-O 10. Nb3 $14 {and White can claim an
opening advantage now, achieving an improved version of the position mentioned
above.}) 6. Be2 Nc6 7. b3 cxb3 8. axb3 Bd6 9. O-O Nge7 10. c4 O-O 11. Nc3 a6
12. Bg5 (12. Ra4 $5 {an original idea, preparing c5 followed by b4-b5} Be6 13.
c5 Bc7 14. b4 Qd7 15. b5 axb5 16. Nxb5 $14 {White may fight for a small
advantage here, but Black is solid too.}) 12... f6 13. Bh4 Be6 14. Bg3 Kh8 15.
c5 Bxg3 16. hxg3 Bg4 17. Re1 (17. Qd2 $5 Qd7 (17... Nf5 18. Ne1 (18. Bd3 $5
Nfxd4 $2 (18... Qd7 19. Na4 Rae8 20. Nb6 Qf7 21. Nh2 Nh6 $13 {and Black stays
in the game, it is not easy to create additional pressure on d5}) 19. Nxd4 Nxd4
20. Qf4 Nxb3 21. Qxg4 Nxa1 22. Rxa1 $16) 18... Bxe2 19. Nxe2 Qd7 20. b4 Rae8
21. Nc2 $14 {followed by Nc3 and b5 at some point, achieving a better
structure, and more chances to hit the b7 weakness}) 18. b4 $1 Nf5 (18... Nxb4
$6 19. Na4 $16 {winning the exchange with Nb6 next}) 19. b5 axb5 20. Nxb5)
17... Nf5 18. Ra2 Qd7 (18... Bxf3 $2 19. Bxf3 Nfxd4 20. Bxd5 $16 {the position
becomes way too open and the strong bishop on d5 guarantees White a good
advantage.}) 19. Nh4 $5 {A provocative move, inviting Black to enter
complications (20...Nfxd4!?).} (19. Ne5 {was possible} fxe5 20. Bxg4 exd4 (
20... e4 $5) 21. Ne2 Rae8 22. Nf4 Rxe1+ 23. Qxe1 Re8 $13) 19... Bxe2 20. Raxe2
Nxh4 (20... Nfxd4 $5 {was a risky but interesting decision} 21. Rd2 g5 22. Nf3
(22. Rxd4 $6 Nxd4 23. Qxd4 gxh4 {It doesn't look like there is enough
compensation for White here: there are a lot of open files for the rooks} 24.
gxh4 Rae8 $17) 22... Nxf3+ 23. Qxf3 d4 24. Ne4 Rae8 25. Rc1 {followed by Nd6,
but Black should be ok with a pawn up, White's compensation is not that
convincing} Qd5 26. Nd6 Qxf3 27. gxf3 Re7 $13) 21. gxh4 Qg4 22. Rd2 Qxd1 23.
Rdxd1 Rfe8 24. Re3 (24. Nxd5 {equalises} Rxe1+ 25. Rxe1 Nxd4 $11) 24... Rad8
25. h5 Kg8 26. Rxe8+ Rxe8 27. h6 $5 {A typical move to create some sort of
imbalance in the position.} gxh6 28. g3 Kf7 29. Kg2 Nb4 30. Kf3 Re6 31. Rh1 Nc2
32. Rd1 Nb4 33. g4 {Keeping winning chances.} Re8 (33... b6 34. cxb6 Rxb6 35.
Rh1 Kg6 36. Rh5 Rd6 $11) (33... h5 34. gxh5 f5 $11 {followed by ...Kf6, looks
very safe for Black too.}) 34. Kf4 Re6 35. Kf3 Re8 36. Ne2 Nc6 (36... f5 37.
gxf5 Re4 38. Ng3 Rh4 $132) 37. Ng3 Kg6 38. Kf4 Na5 $2 {Black loses focus and
suffers strong counterplay on the kingside (finally the weakness created after
27.h6!? pays off).} 39. f3 $1 Nxb3 40. Nf5 {Now a strong initiative follows.}
a5 41. Rh1 Rh8 42. Re1 Rf8 43. Re7 Rf7 44. Re8 Rd7 45. Ra8 $1 {Keeping an eye
on the a-pawn, and threatening the very annoying Ra7 (with c6 threats).} Kf7
46. Nxh6+ Ke6 47. Nf5 Rf7 48. Ra7 Rd7 49. Ke3 $1 {Threatening Kd3.} h5 {
now a long forced line follows.} 50. c6 $1 bxc6 51. Rxd7 Kxd7 52. gxh5 a4 (
52... Ke6 {is not an option} 53. h6 Kf7 54. h7 {and White gets there.}) 53. h6
a3 54. h7 a2 55. h8=Q a1=Q 56. Qg7+ Kc8 (56... Ke6 57. Qg8+ Kd7 58. Qf7+ Kc8
59. Qf8+ {transposing to the game.}) 57. Qf8+ Kc7 (57... Kd7 $2 58. Qe7+ Kc8
59. Nd6+ Kb8 60. Qb7#) 58. Qd6+ Kb7 59. Qb4+ Kc7 60. Qxb3 Qe1+ 61. Kd3 Qf1+ 62.
Kd2 Qf2+ (62... Qg2+ $1 {it is very easy to point out errors with a computer,
away from a tense game. Black had to choose this check to keep better drawing
chances} 63. Kd1 (63. Kc1 Qg5+ $1 {is the difference} 64. Ne3 Qf4 $16 {and f3
falls, creating some difficulties for White}) 63... Qf1+ 64. Kc2 Qg2+ 65. Kb1
Qh3 $1 66. Qd3 Kd7 67. Kb2 Ke6 68. Ne3 Qxf3 {and it is far from clear if white
is winning this endgame} 69. Qc3 $16) 63. Kc1 $1 {After Qd1, White will have a
solid fortress and could gradually escape from the checks.} Qe1+ 64. Qd1 Qc3+
65. Kb1 Kd7 66. Qe2 $1 $18 {There is a serious threat with Qe7+, now Black is
in trouble and White brings home the full point.} Qb3+ (66... Kc7 67. Qe7+ Kb6
68. Qe3 Qb4+ 69. Kc2 Qc4+ 70. Kb2 $18 {Black won't be able to stop all the
attacking and Q-exchange threats, not to mention the king escape, as happened
in the game.}) 67. Kc1 Qc3+ 68. Kd1 Qa1+ 69. Kd2 Qb2+ 70. Ke3 Qb1 71. Kf4 Qb8+
72. Kg4 Qg8+ 73. Kh3 Qh7+ 74. Nh4 $1 {The rest is automatic.} Qb1 75. Qe3 Qd1
76. Kg4 Qc2 77. Nf5 Qg2+ 78. Kh5 Kc7 79. Qf4+ Kb6 80. Ng3 Qh3+ 81. Kg6 Qh8 82.
Nf5 Qf8 83. Qd6 Qxd6 84. Nxd6 c5 85. dxc5+ Kxc5 86. Nf5 d4 87. Kxf6 d3 88. Ke5
d2 89. Ne3 {Just in time!} 1-0